[Event "17th Prague Open 2018"]
[Site "Prague"]
[Date "2018.01.14"]
[Round "4"]
[White "Sergienko, Sergey"]
[Black "Stefansson, Hannes"]
[Result "0-1"]
[WhiteElo "2329"]
[BlackElo "2523"]
[Annotator "TA"]
[PlyCount "112"]
[EventDate "2018.??.??"]
[EventType "swiss"]
[EventCountry "CZE"]
[SourceTitle "playchess.com"]
[Source "ChessBase"]
[SourceQuality "1"]

{[%evp 13,112,31,50,23,23,15,23,27,28,0,23,-26,-22,-18,-14,-33,-29,-27,-37,-62,-48,-171,-31,-204,-189,-203,-72,-72,-22,-159,-91,-115,-30,-50,-46,-33,-14,-12,-10,-8,0,-8,0,-71,-68,-62,-63,-59,-57,-67,-72,-62,-28,-132,-103,-91,-51,-57,-45,-131,-124,-139,-132,-139,-136,-120,-137,-220,-222,-273,-261,-221,-149,-125,-124,-207,-207,-207,-206,-212,-77,-80,-94,-103,-122,-135,-129,-417,-407,-873,-813,-772,-687,-677,-667,-647,-637,-810,-788,-29985,-5297]} 1. e4 c5 2. Nf3 e6 3. d3 a6 4. g3 b5 5. Bg2 Bb7 6. O-O {B40: Sicilian: 2...e6, Unusual lines} d6 7. a4 Nd7 {LiveBook: 5 Games} 8. axb5 {White is slightly better.} (8. Na3 Ngf6 9. Bf4 e5 10. Bd2 Bc6 11. b4 Be7 12. axb5 axb5 {1-0 (26) Jobava,B (2661)-Bogner,S (2555) Gjakova 2016}) 8... axb5 9. Rxa8 Bxa8 $146 ({Predecessor:} 9... Qxa8 10. Na3 Bc6 11. d4 {½-½ (46) Lillo Ferrer,J (2180)-Gonzalez Velez,F (2405) Barcelona 1994}) 10. Na3 Qb8 11. Re1 Ngf6 12. Nh4 Be7 13. f4 O-O 14. Be3 Rc8 15. Bf2 c4 16. Nb1 Nc5 17. g4 (17. Nf3 $15) 17... g6 (17... cxd3 $19 18. cxd3 Nxg4 $1 {[%mdl 512]} 19. Qxg4 Nxd3) 18. Bf3 $2 (18. g5 $15 Nh5 19. d4) 18... cxd3 $19 19. cxd3 e5 (19... d5 $1 $19 {[%cal Rd5e4] is more deadly.} 20. e5 Nfd7) 20. Ng2 Ne6 21. Qd2 (21. h4 $11 {remains equal.}) 21... Nd7 (21... d5 $142 $1 {[%cal Re5f4]} 22. fxe5 Qxe5) 22. h4 exf4 ({Black should play} 22... b4 $17 23. g5 Ndc5) 23. Nxf4 $11 Ne5 24. Be2 Nxf4 25. Qxf4 Rc2 {[%cal Bc8c2,Bc2b2,Bb2b1][%mdl 32]} 26. d4 Nd7 {[%cal Be5d7,Bd7f8,Bf8e6][%mdl 32]} 27. b3 Nf8 28. Bd1 (28. d5 $11) 28... Ne6 29. Qe3 Rb2 30. Nd2 d5 $36 {[%mdl 2048] White must now prevent ...Bb4. Black is more active.} 31. e5 $1 Bb4 32. Re2 Qc8 {Threatens to win with ...Bc3.} 33. Nf1 (33. Kh2 $1 $11) 33... Rb1 34. Rc2 Bc6 35. Rc1 Rb2 $1 36. Rc2 ({Better is} 36. g5 $15) 36... Rxc2 $17 37. Bxc2 Bd7 38. Bd1 Bc3 39. Qd3 b4 40. Be3 (40. Bf3 $17 {is a better defense.}) 40... Qa8 $19 41. Ng3 Qa1 {[%cal Re6d4]} 42. Ne2 Nc7 43. Nxc3 bxc3 44. Kf2 (44. Kg2 $17) 44... Bb5 $1 {[%cal Rb5d3]} 45. Qc2 Na6 $1 {[%cal Ra6b4]} 46. Kg3 Bd7 (46... Nb4 $19 {has better winning chances.} 47. Qc1 Qxc1 48. Bxc1 c2) 47. Qe2 $17 Nb4 {...Qb1 is the strong threat.} 48. e6 Bxe6 49. Qb5 {White wants to mate with Qe8+.} h6 $1 ({Stronger than} 49... Qxd1 50. Qe8+ Kg7 51. Bh6+ $1 {[%mdl 512]} Kxh6 52. Qf8#) 50. h5 $2 {[%mdl 8192]} (50. Qxb4 $17 {was the only chance.} Qxd1 51. Qb8+ Kh7 52. Qf4) 50... g5 $19 (50... Qxd1 51. Qb8+ Kh7 52. hxg6+ fxg6 53. Qc7+ Kg8 54. Qb8+ Kf7 55. Qc7+ Ke8 56. Qb8+ Ke7 57. Qxb4+ Kf7 58. Qxc3 $19) 51. Bf3 (51. Qxb4 $142 Qxd1 52. Qxc3) 51... Nc2 52. Bf2 Qc1 53. Qb8+ Kh7 {And now ...Ne1 would win.} 54. Qe5 Nb4 {Strongly threatening ...c2.} 55. Be3 Qe1+ 56. Kg2 c2 {Precision: White = 35%, Black = 59%.} (56... Nd3 $142 57. Be4+ dxe4 58. Qxe4+ Kg7 59. Kh2 Qe2+ 60. Kg3 {[#]} Bd5 $1 {[%mdl 512]} 61. Qxd5 Qxe3+ 62. Qf3 Qe1+ 63. Kg2 c2 64. Qf1 Nf4+ 65. Qxf4 gxf4 66. Kf3 Qe3+ 67. Kg2 c1=Q 68. Kh2 Qg3#) 0-1

[Event "17th Prague Open 2018"]
[Site "Prague"]
[Date "2018.01.14"]
[Round "4"]
[White "Schippers, Maurice"]
[Black "Luukkonen, Tommi"]
[Result "1/2-1/2"]
[WhiteElo "2309"]
[BlackElo "2331"]
[Annotator "ChessBase"]
[PlyCount "105"]
[EventDate "2018.??.??"]
[EventType "swiss"]
[EventCountry "CZE"]
[SourceTitle "playchess.com"]
[Source "ChessBase"]
[SourceQuality "1"]
[TimeControl "40/5400+30:1800+30"]

1. e4 {[%emt 0:00:00]} c5 {[%emt 0:00:38]} 2. Nf3 {[%emt 0:00:00]} d6 {[%emt 0:00:08]} 3. d4 {[%emt 0:00:00]} cxd4 {[%emt 0:00:05]} 4. Nxd4 {[%emt 0:00:00]} Nf6 {[%emt 0:00:05]} 5. Nc3 {[%emt 0:00:08]} a6 {[%emt 0:00:03]} 6. Be2 {[%emt 0:00:34]} e5 {[%emt 0:00:21]} 7. Nb3 {[%emt 0:01:00]} Be7 {[%emt 0:00:05]} 8. O-O {[%emt 0:01:49]} O-O {[%emt 0:02:02]} 9. a4 {[%emt 0:02:23]} b6 {[%emt 0:03:52]} 10. Be3 {[%emt 0:06:11]} Bb7 {[%emt 0:03:33]} 11. Bf3 {[%emt 0:04:15]} Nbd7 {[%emt 0:00:25]} 12. Nd5 {[%emt 0:02:18]} Rc8 {[%emt 0:01:54]} 13. Rc1 {[%emt 0:12:54]} Rc4 {[%emt 0:03:26]} 14. Nd2 {[%emt 0:05:49]} Rxa4 {[%emt 0:06:04]} 15. b3 {[%emt 0:02:05]} Nxd5 {[%emt 0:02:27]} 16. exd5 {[%emt 0:01:05]} Ra2 {[%emt 0:05:29]} 17. c4 {[%emt 0:04:52]} b5 {[%emt 0:04:17]} 18. Ne4 {[%emt 0:06:05]} bxc4 {[%emt 0:04:58]} 19. bxc4 {[%emt 0:00:15]} Rb2 {[%emt 0:00:16]} 20. Qa4 {[%emt 0:06:19]} f5 {[%emt 0:04:36]} 21. Qa3 {[%emt 0:04:31]} fxe4 {[%emt 0:00:11]} 22. Qxb2 {[%emt 0:00:18]} exf3 {[%emt 0:00:14]} 23. Qxb7 {[%emt 0:01:05]} Qe8 {[%emt 0:06:38]} 24. gxf3 {[%emt 0:03:40]} Qg6+ {[%emt 0:04:09]} 25. Kh1 {[%emt 0:00:06]} Qf5 {[%emt 0:00:03]} 26. Rg1 {[%emt 0:02:13]} h5 {[%emt 0:00:25]} 27. Qb3 {[%emt 0:06:38]} Qxf3+ {[%emt 0:03:18]} 28. Rg2 {[%emt 0:00:04]} Nf6 {[%emt 0:06:08]} 29. Qd1 {[%emt 0:04:16]} Qf5 {[%emt 0:00:37]} 30. f3 {[%emt 0:03:49]} Nh7 {[%emt 0:04:50]} 31. c5 {[%emt 0:03:27]} dxc5 {[%emt 0:02:20]} 32. d6 {[%emt 0:00:25]} Bd8 {[%emt 0:03:54]} 33. Rxc5 {[%emt 0:02:20]} Nf6 {[%emt 0:05:40]} 34. Rg5 {[%emt 0:02:42]} Qh3 {[%emt 0:00:31]} 35. Rg3 {[%emt 0:01:53]} Qe6 {[%emt 0:01:32]} 36. Bg5 {[%emt 0:02:44]} h4 {[%emt 0:01:38]} 37. Rg1 {[%emt 0:01:59]} Bb6 {[%emt 0:01:41]} 38. Bxf6 {[%emt 0:01:32]} Qxf6 {[%emt 0:01:30]} 39. Qb3+ {[%emt 0:01:39]} Kh8 {[%emt 0:00:36]} 40. Rxe5 {[%emt 0:05:10]} Qxe5 {[%emt 0:30:09]} 41. Qxb6 {[%emt 0:30:05]} Qd5 {[%emt 0:00:35]} 42. Qf2 {[%emt 0:00:00]} Rxf3 {[%emt 0:00:00]} 43. Qg2 {[%emt 0:00:00]} Rd3 {[%emt 0:00:00]} 44. Qxd5 {[%emt 0:00:00]} Rxd5 {[%emt 0:00:00]} 45. Rg4 {[%emt 0:00:00]} g5 {[%emt 0:00:00]} 46. d7 {[%emt 0:00:00]} h3 {[%emt 0:00:00]} 47. Rxg5 {[%emt 0:00:00]} Rd1+ {[%emt 0:00:00]} 48. Rg1 {[%emt 0:00:00]} Rxd7 {[%emt 0:00:00]} 49. Ra1 {[%emt 0:00:00]} Kg8 {[%emt 0:00:00]} 50. Kg1 {[%emt 0:00:00]} Rd6 {[%emt 0:00:00]} 51. Ra3 {[%emt 0:00:00]} Rh6 {[%emt 0:00:00]} 52. Kf2 {[%emt 0:00:00]} Kf7 {[%emt 0:00:00]} 53. Kg3 {[%emt 0:00:00]} 1/2-1/2

[Event "17th Prague Open 2018"]
[Site "Prague"]
[Date "2018.01.14"]
[Round "4"]
[White "Ratsma, Rosa"]
[Black "Kiriakov, Petr"]
[Result "0-1"]
[WhiteElo "2287"]
[BlackElo "2528"]
[Annotator "TA"]
[PlyCount "128"]
[EventDate "2018.??.??"]
[EventType "swiss"]
[EventCountry "CZE"]
[SourceTitle "playchess.com"]
[Source "ChessBase"]
[SourceQuality "1"]

{[%evp 22,128,57,55,82,74,60,64,61,72,72,52,53,29,41,19,25,20,22,29,29,18,27,33,44,49,104,98,105,25,32,25,20,9,9,11,12,8,18,16,9,4,13,0,0,0,0,0,0,0,0,0,0,0,0,0,0,0,0,-8,-8,-8,-8,-68,-27,-175,-177,-181,-181,-275,-292,-294,-252,-282,-245,-261,-260,-247,-244,-292,-143,-173,-175,-415,-414,-409,-417,-403,-397,-429,-429,-423,-416,-379,-400,-595,-577,-848,-1090,-5097,-1156,-2109,-1285,-1008,-941,-847,-672,-657,-649]} 1. e4 e6 2. d4 d5 3. Nd2 a6 4. Ngf3 c5 5. exd5 exd5 6. Be2 c4 7. b3 cxb3 8. axb3 Nc6 9. O-O Bd6 10. Re1 Nge7 11. Nf1 O-O 12. c3 {LiveBook: 10 Games} Bg4 {C08: French Tarrasch: 3...c5 4 exd5 exd5 sidelines} 13. Ne3 Bh5 14. Nh4 $146 ({Find the theoretical novelty and annotate with similar games:} 14. b4 Rc8 {0-1 (49) Ilincic,Z (2490)-Eingorn,V (2570) Bor 1986}) 14... Bxe2 {White is slightly better.} 15. Qxe2 Bf4 16. g3 Bxe3 17. Bxe3 Qd7 18. Qd3 Rfe8 19. Bd2 Rad8 20. Ng2 Ng6 21. Qf3 Re6 22. h4 Nge7 23. Bg5 f6 (23... Rxe1+ $14 24. Rxe1 h6 25. Bxe7 Nxe7) 24. Bd2 $16 Rxe1+ 25. Nxe1 ({Better is} 25. Rxe1 $16 Na5 26. Qd1) 25... Qf5 $11 26. Qxf5 Nxf5 27. Nd3 a5 28. Bf4 b5 29. Bc7 Ra8 30. Nf4 Nfe7 $1 31. Bd6 Kf7 32. Kf1 g5 33. hxg5 fxg5 34. Nd3 Nf5 35. Bc5 h5 36. Re1 Re8 37. Ra1 Rc8 38. Bb6 Ra8 39. Kg2 Nd6 40. Ne5+ Nxe5 41. dxe5 {[%mdl 4096] Endgame KRB-KRN} Ne4 42. Bxa5 (42. Rxa5 $11 Rxa5 43. Bxa5) 42... g4 $15 43. b4 (43. f4 $11) 43... Nxc3 $19 44. Rc1 Rc8 $1 45. f4 (45. Bb6 $142 Rc4 46. Be3) 45... Ke6 46. Bb6 {Threatens to win with Bd4.} Rc4 47. Rh1 Ne4 {White must now prevent ...Rc2+.} ({Don't play} 47... Rxb4 48. Rxh5 Rb2+ 49. Kf1 $19) 48. Rxh5 Rc2+ 49. Kg1 Nxg3 50. Rg5 {[#]} Ne2+ (50... d4 $1 $19 {[%cal Rd4d3] ...d3 is the strong threat.} 51. Rxg4 Ne2+ 52. Kf1 d3 53. Rg6+ Kf5) 51. Kf2 {Threatening Ke3.} Nxf4+ 52. Ke3 $2 (52. Kg3 {was forced.} Rc4 53. Rxg4) 52... Ng2+ 53. Kd3 Ne1+ 54. Ke3 {[#]} Rc4 $1 55. Rg8 Re4+ 56. Kf2 Nd3+ 57. Kg3 Nxe5 58. Bc5 (58. Re8+ {was called for.} Kf6 59. Rd8 Rxb4 60. Rxd5) 58... d4 {[%cal Bd5d4,Bd4d3,Bd3d2][%mdl 32] Black is clearly winning.} 59. Rb8 d3 60. Rxb5 Nc4 (60... Nd7 $142 61. Ra5 Nxc5) 61. Rb8 d2 62. Re8+ Kf5 63. Rf8+ Kg6 64. Rd8 Re1 {Precision: White = 43%, Black = 73%.} 0-1

[Event "17th Prague Open 2018"]
[Site "Prague"]
[Date "2018.01.14"]
[Round "4"]
[White "Tuma, Jiri"]
[Black "Neuman, Petr"]
[Result "1/2-1/2"]
[WhiteElo "2272"]
[BlackElo "2452"]
[Annotator "TA"]
[PlyCount "30"]
[EventDate "2018.??.??"]
[EventType "swiss"]
[EventCountry "CZE"]
[SourceTitle "playchess.com"]
[Source "ChessBase"]
[SourceQuality "1"]

{[%evp 13,30,16,11,-2,6,11,0,-66,-59,-65,-71,-116,-71,-66,-63,-60,-63,-62,-54]} 1. e4 c6 {[%cal Bc7c6,Bc6c5,Bc5d4][%mdl 32]} 2. d4 d5 3. e5 Bf5 4. Nf3 e6 5. Be2 Ne7 6. O-O c5 7. c4 Nbc6 8. Nc3 {B12: Caro-Kann: Advance Variation} (8. dxc5 d4 9. Qb3 Qc7 10. Na3 a6 11. Qa4 Rd8 12. b4 d3 13. Bd1 Ng6 14. Re1 Rd7 15. b5 Ncxe5 16. Nxe5 Nxe5 {½-½ (33) Leko,P (2691)-Esipenko,A (2564) Riadh 2017}) 8... dxc4 {[%cal Rc6d4]} 9. Bg5 {[#] aiming for Nb5.} a6 {[%cal Rc5d4]} 10. Bxc4 $146 (10. Nd2 $11 Qxd4 11. Nxc4 Qxd1 12. Raxd1 (12. Rfxd1 Ng6 $11)) ({Predecessor:} 10. dxc5 Qxd1 11. Rfxd1 Ng6 {½-½ (11) Iordachescu,V (2553)-Rausis,I (2496) Castellaneta 1999}) 10... cxd4 $15 11. Ne2 {[%cal Re2d4]} d3 {White must now prevent ...h6.} 12. Nf4 {[%cal Rc4d3]} h6 13. Bxe7 Bxe7 {Black is slightly better.} 14. Bxd3 Bxd3 15. Nxd3 O-O 1/2-1/2

[Event "17th Prague Open 2018"]
[Site "Prague"]
[Date "2018.01.14"]
[Round "4"]
[White "Zwahr, Paul"]
[Black "Pacher, Milan"]
[Result "0-1"]
[WhiteElo "2269"]
[BlackElo "2444"]
[Annotator "TA"]
[PlyCount "158"]
[EventDate "2018.??.??"]
[EventType "swiss"]
[EventCountry "CZE"]
[SourceTitle "playchess.com"]
[Source "ChessBase"]
[SourceQuality "1"]

{[%evp 21,157,31,34,7,0,19,32,-7,-7,-7,-7,-7,-7,-14,-7,-4,-2,0,0,0,0,-29,-25,-41,-46,-67,-54,-54,-58,-59,-54,-42,-45,-50,-34,-144,-137,-153,-141,-128,-121,-160,-27,-113,-124,-173,-156,-127,-94,-97,-87,-141,-192,-156,-130,-143,-94,-84,-81,-91,-95,-90,-102,-118,-120,-244,-254,-212,-204,-197,-190,-183,-181,-281,-255,-29951,-29957,-29949,-29952,-29959,-29959,-29959,-29961,-29958,-29956,-12475,-12335,-5049,-4545,-29938,-11117,-11955,-6731,-5389,-5079,-29956,-29958,-29961,-29962,-29942,-29955,-29960,-664,-868,-868,-739,-638,-29962,-29962,-29955,-8491,-29970,-29971,-29971,-29972,-29971,-29973,-29972,-29973,-29973,-29974,-29974,-29975,-29975,-29976,-29984,-29985,-29984,-29985,-29988,-29989,-29990,-29991,-29991,-29992,-29994,-29995,-29999]} 1. e4 c5 2. Nf3 d6 3. d4 cxd4 4. Nxd4 Nf6 5. Nc3 Nc6 6. Bg5 e6 7. Qd2 Qb6 8. O-O-O Nxd4 9. Qxd4 Qxd4 10. Rxd4 a6 11. f3 Be7 12. Be2 {B66: Sicilian: Richter-Rauzer: 7...a6 8 0-0-0 h6} Bd7 {[%cal Bc8d7,Bd7c6,Bc6d5][%mdl 32]} 13. Bh4 (13. Rhd1 Bc6 14. R4d2 Rc8 15. Bf4 d5 16. exd5 Bxd5 17. Kb1 Bc6 18. a3 h6 19. Be5 O-O 20. Bd6 Bxd6 21. Rxd6 Rfe8 22. R6d2 Kf8 23. b3 Ke7 24. Kb2 g5 25. Na2 Nd5 26. Nb4 {½-½ (26) Leko,P (2740)-Grischuk,A (2717) Monte Carlo 2006}) 13... Bc6 14. Bg3 $146 {White is slightly better.} ({Predecessor:} 14. Kb1 d5 15. exd5 Nxd5 16. Nxd5 Bxd5 17. Bxe7 Kxe7 18. Rhd1 g5 19. c4 Bc6 20. Kc2 a5 {½-½ (20) Michalik,P (2381)-Plachetka,J (2439) Slovakia 2005}) 14... d5 15. exd5 Nxd5 16. Nxd5 Bxd5 17. c4 Rc8 18. Kb1 Bc6 19. Bd6 h5 20. Bxe7 Kxe7 21. Re1 g5 22. Bd3 g4 23. fxg4 hxg4 24. Rxg4 Rxh2 25. Re2 $1 Rh1+ 26. Kc2 Ra1 27. a3 Ba4+ 28. Kc3 (28. Kd2 $1 $15) 28... Bd1 $17 29. Re1 {[#] Rd4 is the strong threat.} Rxa3+ $1 {[%mdl 512]} 30. bxa3 Bxg4 {[%mdl 4096] Endgame KRB-KRB} 31. a4 b5 (31... f5 $17 32. Rh1 Kf6 33. Rh6+ Ke5) 32. Kb4 (32. a5 $1 $11) 32... bxa4 {[%cal Bb5a4,Ba4a3][%mdl 32]} 33. c5 {[#]} a5+ $1 34. Kb5 (34. Kxa5 Bf5) 34... a3 {Hoping for ...a2.} 35. Ra1 e5 36. Be4 (36. Rxa3 $142 Bd7+ 37. Kb6) 36... Rb8+ $1 37. Kxa5 f5 38. Bc6 f4 {aiming for ...Bd7.} 39. Rxa3 Bd7 40. Be4 Rb5+ 41. Ka4 Rxc5+ 42. Kb4 Rc1 43. Ra7 (43. g3 $17) 43... Kd6 $19 44. Ra6+ Bc6 45. Bf3 Kc7 46. Ra7+ Kb6 47. Re7 {[#]} (47. Ra2 {was the only chance.}) 47... e4 $1 {[%cal Re4f3][%mdl 512]} 48. Rf7 $2 (48. Bxe4 $19 Re1 49. Bxc6 Rxe7 50. Bf3) 48... exf3 49. gxf3 {KRB-KR} Ra1 ({Not} 49... Rb1+ 50. Kc4 $15) 50. Rf6 Ra4+ 51. Kb3 Kc5 52. Rf5+ Kd6 53. Rf6+ Kd7 54. Rh6 Bb5 55. Rh5 Kc6 56. Rh6+ Kc5 57. Rh5+ Kb6 58. Rh6+ Ka5 59. Rd6 Rb4+ 60. Kc3 Rc4+ 61. Kb3 Rc6 (61... Rc5 $142 62. Rd2 Bc6 63. Rd4 Rf5 64. Kc4 Kb6 65. Rd6 Kc7 66. Rg6 Bxf3 67. Kd3 Rd5+ 68. Kc3 Be2 69. Rf6 f3 70. Kc2 Kd7 71. Kb3 Ke7 72. Rf4 Ke6 73. Kc3 Rf5 74. Re4+ Kd5 75. Rd4+ Kc5 76. Rd2 f2 77. Rd7 f1=Q 78. Rc7+ Kd6 79. Rd7+ Kxd7 80. Kc2 Qd1+ 81. Kc3 Rf3+ 82. Kb2 Qd2+ 83. Kb1 Rf1#) 62. Rd5 Rc8 63. Rf5 Rc4 64. Rf8 Rd4 65. Ra8+ Kb6 (65... Ba6 $142 66. Kc2 Kb6 67. Kc3 Rd3+ 68. Kb4 Rxf3 69. Rf8 Be2 70. Rf6+ Kc7 71. Re6 Re3 72. Rf6 f3 73. Kc5 Rd3 74. Rf5 Kd7 75. Kb4 Ke6 76. Rf8 Rd5 77. Kc3 Rf5 78. Re8+ Kf7 79. Ra8 f2 80. Ra1 Rd5 81. Kc2 {[#]} Rd1 $1 {[%mdl 512]} 82. Ra5 f1=Q 83. Re5 Rc1+ 84. Kb2 Rb1+ 85. Kc3 Qc1+ 86. Kd4 Qc4+ 87. Ke3 Qd3+ 88. Kf4 Qf3+ 89. Kg5 Qf6#) 66. Kc3 Rd3+ {Black mates.} 67. Kb4 Bc6 68. Rb8+ Bb7 69. Kc4 Rxf3 70. Kd4 Rf1 71. Rf8 f3 72. Rf5 Re1 73. Kc3 Be4 74. Rf8 Kc5 75. Kd2 Re2+ 76. Kd1 Kd4 77. Rd8+ Ke3 78. Re8 Rb2 {[%cal Rb2b1]} 79. Re7 Rb1# {Precision: White = 44%, Black = 82%.} 0-1

[Event "17th Prague Open 2018"]
[Site "Prague"]
[Date "2018.01.14"]
[Round "4"]
[White "Stoyanov, Tsvetan"]
[Black "Akshat, Khamparia"]
[Result "1/2-1/2"]
[WhiteElo "2242"]
[BlackElo "2381"]
[Annotator "ChessBase"]
[PlyCount "77"]
[EventDate "2018.??.??"]
[EventType "swiss"]
[EventCountry "CZE"]
[SourceTitle "playchess.com"]
[Source "ChessBase"]
[SourceQuality "1"]
[TimeControl "40/5400+30:1800+30"]

1. e4 {[%emt 0:00:00]} c5 {[%emt 0:02:31]} 2. Nf3 {[%emt 0:00:07]} d6 {[%emt 0:00:06]} 3. d4 {[%emt 0:00:04]} cxd4 {[%emt 0:00:01]} 4. Nxd4 {[%emt 0:00:07]} Nf6 {[%emt 0:00:01]} 5. Nc3 {[%emt 0:00:09]} g6 {[%emt 0:00:03]} 6. Be3 {[%emt 0:00:09]} Bg7 {[%emt 0:00:04]} 7. f3 {[%emt 0:00:17]} O-O {[%emt 0:00:05]} 8. Qd2 {[%emt 0:00:12]} Nc6 {[%emt 0:00:03]} 9. Bc4 {[%emt 0:00:26]} Bd7 {[%emt 0:00:04]} 10. O-O-O {[%emt 0:00:19]} Rb8 {[%emt 0:00:02]} 11. Bb3 {[%emt 0:08:58]} Na5 {[%emt 0:02:18]} 12. Bh6 {[%emt 0:06:55]} Bxh6 {[%emt 0:00:18]} 13. Qxh6 {[%emt 0:00:11]} b5 {[%emt 0:00:01]} 14. h4 {[%emt 0:05:38]} e5 {[%emt 0:00:14]} 15. Nde2 {[%emt 0:04:09]} b4 {[%emt 0:00:06]} 16. Nd5 {[%emt 0:06:20]} Nxb3+ {[%emt 0:00:06]} 17. axb3 {[%emt 0:04:23]} Nxd5 {[%emt 0:00:04]} 18. Rxd5 {[%emt 0:00:30]} Be6 {[%emt 0:06:39]} 19. h5 {[%emt 0:33:32]} g5 {[%emt 0:01:48]} 20. Rxd6 {[%emt 0:05:39]} Qe7 {[%emt 0:00:06]} 21. Ng3 {[%emt 0:10:02]} f6 {[%emt 0:07:03]} 22. Rhd1 {[%emt 0:01:12]} Rb6 {[%emt 0:13:44]} 23. R6d3 {[%emt 0:03:28]} Rc6 {[%emt 0:04:09]} 24. Nf5 {[%emt 0:02:06]} Bxf5 {[%emt 0:05:13]} 25. exf5 {[%emt 0:01:20]} Qc7 {[%emt 0:00:20]} 26. Kb1 {[%emt 0:01:18]} Rxc2 {[%emt 0:01:08]} 27. Qxf8+ {[%emt 0:00:13]} Kxf8 {[%emt 0:00:07]} 28. Rd8+ {[%emt 0:00:02]} Ke7 {[%emt 0:01:12]} 29. R1d7+ {[%emt 0:00:11]} Qxd7 {[%emt 0:00:38]} 30. Rxd7+ {[%emt 0:00:02]} Kxd7 {[%emt 0:00:06]} 31. Kxc2 {[%emt 0:00:06]} Kd6 {[%emt 0:02:43]} 32. Kd3 {[%emt 0:00:11]} Kd5 {[%emt 0:00:06]} 33. g3 {[%emt 0:01:20]} h6 {[%emt 0:00:21]} 34. Ke3 {[%emt 0:00:42]} a5 {[%emt 0:00:10]} 35. g4 {[%emt 0:00:52]} Kc5 {[%emt 0:01:06]} 36. Ke4 {[%emt 0:00:12]} Kc6 {[%emt 0:00:32]} 37. Ke3 {[%emt 0:00:38]} Kb5 {[%emt 0:00:26]} 38. Kd3 {[%emt 0:00:05]} Kc5 {[%emt 0:00:11]} 39. Ke4 {[%emt 0:00:07]} 1/2-1/2

[Event "17th Prague Open 2018"]
[Site "Prague"]
[Date "2018.01.14"]
[Round "4"]
[White "Ustinov, Alexey"]
[Black "Melamed, Tatjana"]
[Result "1/2-1/2"]
[WhiteElo "2240"]
[BlackElo "2347"]
[Annotator "ChessBase"]
[PlyCount "34"]
[EventDate "2018.??.??"]
[EventType "swiss"]
[EventCountry "CZE"]
[SourceTitle "playchess.com"]
[Source "ChessBase"]
[SourceQuality "1"]
[TimeControl "40/5400+30:1800+30"]

1. c4 {[%emt 0:00:00]} Nf6 {[%emt 0:00:25]} 2. Nc3 {[%emt 0:00:00]} g6 {[%emt 0:01:08]} 3. d4 {[%emt 0:00:13]} Bg7 {[%emt 0:00:10]} 4. e4 {[%emt 0:00:15]} d6 {[%emt 0:00:05]} 5. Be2 {[%emt 0:01:49]} O-O {[%emt 0:00:43]} 6. Be3 {[%emt 0:00:13]} e5 {[%emt 0:02:03]} 7. d5 {[%emt 0:02:07]} Na6 {[%emt 0:02:18]} 8. g4 {[%emt 0:02:17]} Nc5 {[%emt 0:00:51]} 9. f3 {[%emt 0:00:21]} c6 {[%emt 0:05:49]} 10. h4 {[%emt 0:11:00]} cxd5 {[%emt 0:07:51]} 11. cxd5 {[%emt 0:00:30]} Qb6 {[%emt 0:02:02]} 12. Qd2 {[%emt 0:06:04]} Bd7 {[%emt 0:06:51]} 13. h5 {[%emt 0:15:44]} Qa5 {[%emt 0:04:31]} 14. h6 {[%emt 0:06:08]} Bh8 {[%emt 0:00:25]} 15. Nb5 {[%emt 0:23:48]} Qxd2+ {[%emt 0:12:30]} 16. Bxd2 {[%emt 0:00:04]} Ne8 {[%emt 0:00:25]} 17. Nc3 {[%emt 0:03:37]} Bf6 {[%emt 0:03:45]} 1/2-1/2

[Event "17th Prague Open 2018"]
[Site "Prague"]
[Date "2018.01.14"]
[Round "4"]
[White "Raahul V S"]
[Black "Thakur, Akash"]
[Result "1-0"]
[WhiteElo "2205"]
[BlackElo "2338"]
[Annotator "ChessBase"]
[PlyCount "53"]
[EventDate "2018.??.??"]
[EventType "swiss"]
[EventCountry "CZE"]
[SourceTitle "playchess.com"]
[Source "ChessBase"]
[SourceQuality "1"]
[TimeControl "40/5400+30:1800+30"]

1. c4 {[%emt 0:00:00]} Nf6 {[%emt 0:00:36]} 2. Nc3 {[%emt 0:00:37]} e5 {[%emt 0:00:10]} 3. g3 {[%emt 0:00:30]} d6 {[%emt 0:00:11]} 4. Nf3 {[%emt 0:00:20]} Nbd7 {[%emt 0:00:38]} 5. d4 {[%emt 0:00:32]} Be7 {[%emt 0:00:29]} 6. Bg2 {[%emt 0:00:29]} O-O {[%emt 0:00:42]} 7. O-O {[%emt 0:00:18]} c6 {[%emt 0:00:33]} 8. Qc2 {[%emt 0:00:58]} Re8 {[%emt 0:01:33]} 9. b3 {[%emt 0:06:47]} Qc7 {[%emt 0:02:59]} 10. Bb2 {[%emt 0:02:01]} Bf8 {[%emt 0:00:47]} 11. Rac1 {[%emt 0:01:34]} a6 {[%emt 0:01:44]} 12. Rfd1 {[%emt 0:09:22]} Qb8 {[%emt 0:06:41]} 13. e3 {[%emt 0:12:50]} e4 {[%emt 0:21:44]} 14. Ng5 {[%emt 0:02:41]} d5 {[%emt 0:01:20]} 15. cxd5 {[%emt 0:01:14]} cxd5 {[%emt 0:00:41]} 16. Nxd5 {[%emt 0:01:21]} Nxd5 {[%emt 0:02:10]} 17. Bxe4 {[%emt 0:00:55]} Rxe4 {[%emt 0:01:01]} 18. Nxe4 {[%emt 0:00:37]} Be7 {[%emt 0:09:52]} 19. Nc3 {[%emt 0:08:51]} Nb4 {[%emt 0:11:16]} 20. Qe4 {[%emt 0:06:06]} Qd6 {[%emt 0:04:58]} 21. d5 {[%emt 0:08:10]} Ne5 {[%emt 0:12:24]} 22. Ne2 {[%emt 0:06:40]} Bf6 {[%emt 0:05:18]} 23. Bxe5 {[%emt 0:01:56]} Bxe5 {[%emt 0:00:59]} 24. a3 {[%emt 0:00:35]} Na2 {[%emt 0:01:48]} 25. Rc2 {[%emt 0:01:14]} f5 {[%emt 0:04:11]} 26. Qc4 {[%emt 0:01:09]} Qxa3 {[%emt 0:02:52]} 27. d6+ {[%emt 0:00:29]} 1-0